00554nam a22002057a 450000500170000001000130001702000220003003500130005203700160006504000120008108200130009310000170010624500540012326000350017727000490021230000250026150000200028665000170030665000250032320170124110241.0 aA-248678 c00.00a0863072763 aA-248678 bCen Lib/Ret aDPLbEN a635bJOY aJoyce, David aRock gardens and alpine plants /cby David Joyce  bMiddlesexaAura Editionsc1985 bMiddlesexa2 Derby Road, Greenford eWIV 5PA a72p.c27cm(Hb)bill. aincludes index  aRock gardens aAlpine garden plants